Städte und Gemeinden im Landkreis Goslar mit Karte - Statistiken

Allgemein
  • Dieses Quiz wurde 209 mal gespielt
    60 seit der letzten Aktualisierung
  • Das Durchschnittsergebnis liegt bei 5 aus 7
Antworten auf der Karte
Die Antworten werden auf der Karte rot bzw. grün angezeigt, abhängig davon wie oft sie richtig erraten wurden.
 
Antwortstatistiken
Stadt oder Gemeinde % Korrekt
Goslar
96%
Bad Harzburg
88%
Langelsheim
84%
Clausthal-Zellerfeld
76%
Seesen
72%
Braunlage
68%
Liebenburg
44%
Keine übereinstimmenden Quizze gefunden
Verteilung der Resultate
Anzahl Personen mit jedem Resultat
Perzentil nach korrekt beantworteten Fragen
Ihre Resultats-Entwicklung
Sie haben dieses Quiz seit der letzten Aktualisierung nicht gespielt